01020 2200313 4500001002100000005001500021035002000036007000300056008004100059020002200100082001400122084001600136100003500152245014700187250003400334300004700368650001400415700003100429504003000460264004200490336002100532337003000553338002300583040002200606090002200628850001200650999002200662990002200684INLIS00000000088923020240725013140 a0010-0724001129ta240725s2024 yoia g ind d a978-623-515-071-004223a332.6 a332.6 DIM b0 aDimas Mohamad RizalePengarang10aBuku wajib investor dan trader pemula :bjangan memulai beli saham sebelum membaca buku ini /cDimas Mohamad Rizal; penyunting, Arif Ishartadi aCetakan Pertama, Agustus 2024 axii, 292 halaman :bgambar, tabel ;c20 cm 4aInvestasi0 aArif IshartadiePenyunting aBibliografi : halaman 29131aBantul :bAnak Hebat Indonesia,c2024 2rdacontentateks 2rdamediaatanpa perantara 2rdacarrieravolume aYOPDYOGbinderda aCB-D.11 2024-2307 aYOPDYOG aCB-D.11/2024-2307 aCB-D.11/2024-2307